[Event "Capablanca mem-B"]
[Site "Cienfuegos"]
[Date "1985.??.??"]
[Round "9"]
[White "Csom, Istvan"]
[Black "Vogt, Lothar"]
[Result "1/2-1/2"]
[WhiteElo "2480"]
[BlackElo "2460"]

1.Nf3 Nf6 2.c4 g6 3.g3 Bg7 4.Bg2 O-O 5.d4 d6 6.Nc3 Nbd7 7.O-O e5 8.h3 c6
9.e4 Qb6 10.dxe5 dxe5 11.Qc2  1/2-1/2

[Event "Copenhagen"]
[Site "Copenhagen"]
[Date "1985.??.??"]
[Round "10"]
[White "Hansen, Curt"]
[Black "Hoi, Carsten"]
[Result "1/2-1/2"]
[WhiteElo "2505"]
[BlackElo "2380"]

1.c4 g6 2.g3 Bg7 3.Bg2 Nf6 4.Nf3 O-O 5.O-O d6 6.Nc3 Nc6 7.Rb1 a5 8.a3 e5
9.d3 h6 10.b4 axb4 11.axb4 Be6 12.b5 Ne7 13.Bb2 Qd7 14.Ra1  1/2-1/2

[Event "Esbjerg"]
[Site "Esbjerg"]
[Date "1985.??.??"]
[Round "1"]
[White "Rodgaard, John"]
[Black "Mortensen, Erling"]
[Result "1/2-1/2"]
[WhiteElo "2365"]
[BlackElo "2450"]

1.Nf3 Nf6 2.c4 g6 3.g3 Bg7 4.Bg2 O-O 5.O-O d6 6.d4 c6 7.Nc3 Qa5 8.h3 e5 9.e4 Nbd7
10.dxe5 dxe5 11.a3 Qc5 12.Qe2 Qe7 13.b4 a5 14.Rb1 axb4 15.axb4 Ne8 16.Rd1 Nc7
17.c5 Ne6 18.Qc4 Nd4 19.Ne2 Nxf3+ 20.Bxf3 Nf6 21.Kg2 Be6 22.Qc2 Ne8 23.Nc3 f5
24.Bb2 f4 25.Qe2 Qf7 26.g4 Qe7 27.Ra1 Rxa1 28.Rxa1 Qh4 29.Rh1 Nc7 30.Nb1 Nb5
31.Nd2 Rd8 32.Nc4 Nd4 33.Bxd4 Rxd4 34.Rc1 h5 35.Rc3 Kh7 36.Rc1 Kh6 37.Rc3 Kg5
38.Rc1 hxg4 39.hxg4 Bxg4 40.Bxg4 Qxg4+ 41.Qxg4+ Kxg4 42.f3+ Kg5 43.Rc2 Kf6
44.b5 cxb5 45.Nd6 b4 46.Nxb7 b3 47.Rb2 Rd3 48.Na5 Rc3 49.Nxb3 Bf8 50.Nd2 Bxc5
51.Nf1 Rc1 52.Ra2 Kg5 53.Nd2 Kh4 54.Nb3 Rc3 55.Nd2 Bd4 56.Nf1 Rc1 57.Ra8 Rc2+
58.Kh1 Kg5 59.Rh8 Kf6 60.Rh7 g5 61.Rh6+ Kf7 62.Rh7+ Kg6 63.Rh8 Rb2 64.Rg8+ Kf6
65.Rf8+ Kg7 66.Rf5 Kg6 67.Rf8 Ra2 68.Rg8+ Kf6 69.Rf8+ Kg7 70.Rf5 Kg6 71.Rf8 Ra5
72.Kg2 Ra2+ 73.Kh1 Rb2 74.Rg8+ Kf6 75.Rf8+ Ke7 76.Rg8 Kd6 77.Rxg5 Kc5 78.Rg2 Bf2
79.Kh2  1/2-1/2

[Event "Esbjerg"]
[Site "Esbjerg"]
[Date "1985.??.??"]
[Round "7"]
[White "Rodgaard, John"]
[Black "Fries Nielsen, Jens Ove"]
[Result "1/2-1/2"]
[WhiteElo "2365"]
[BlackElo "2395"]

1.Nf3 Nf6 2.c4 g6 3.g3 Bg7 4.Bg2 O-O 5.O-O d6 6.d4 c6 7.Re1 Be6 8.Nbd2 d5
9.cxd5 cxd5 10.Nb3 Nc6 11.Bf4 Qb6 12.Ne5  1/2-1/2

[Event "Frunze"]
[Site "Frunze"]
[Date "1985.??.??"]
[Round "2"]
[White "Szekely, Peter"]
[Black "Yurtaev, Leonid"]
[Result "1/2-1/2"]
[WhiteElo "2450"]
[BlackElo "2435"]

1.Nf3 Nf6 2.c4 g6 3.g3 Bg7 4.Bg2 O-O 5.d4 d6 6.Nc3 Nbd7 7.O-O e5 8.e4 exd4
9.Nxd4 Nc5 10.h3 Re8 11.Re1 h6 12.f3 Ne6 13.Be3 Nh5 14.Nce2 c5 15.Nxe6 Bxe6
16.g4 Nf6 17.Qc2 a6 18.Rad1 Qa5 19.b3 b5 20.Bd2 Qb6 21.f4 bxc4 22.bxc4 Rab8
23.f5 gxf5 24.exf5 Bd7 25.Rb1 Qc7 26.Nf4 Rxb1 27.Qxb1  1/2-1/2

[Event "Frunze"]
[Site "Frunze"]
[Date "1985.??.??"]
[Round "6"]
[White "Velikov, Petar"]
[Black "Romanishin, Oleg M"]
[Result "1/2-1/2"]
[WhiteElo "2450"]
[BlackElo "2570"]

1.Nf3 Nf6 2.c4 g6 3.g3 Bg7 4.Bg2 O-O 5.O-O c6 6.d4 d6 7.Nc3 Bf5 8.b3 Ne4
9.Bb2 a5 10.Nh4 Nxc3 11.Bxc3 Bc8 12.Nf3 Nd7 13.Qc2 e5 14.Rad1 Qe7 15.e4 Re8
16.Rfe1 Nf8 17.h3 h6 18.Qd2 Qc7 19.Qb2 Nh7 20.Re2 Ng5  1/2-1/2

[Event "Frunze"]
[Site "Frunze"]
[Date "1985.??.??"]
[Round "7"]
[White "Szekely, Peter"]
[Black "Thipsay, Praveen Mahadeo"]
[Result "1/2-1/2"]
[WhiteElo "2450"]
[BlackElo "2470"]

1.Nf3 Nf6 2.c4 g6 3.g3 Bg7 4.Bg2 O-O 5.d4 d6 6.Nc3 Nbd7 7.O-O e5 8.e4 c6
9.Rb1 exd4 10.Nxd4 Re8 11.h3 Nc5 12.Re1 a5 13.Bf4 Ne6 14.Be3 Nxd4 15.Bxd4 Be6
16.Qd3 a4 17.b3 axb3 18.axb3 Qa5 19.Red1 Red8 20.Qc2 Ne8 21.Ne2 Bxd4 22.Nxd4 Bc8
23.Qb2 Qc5 24.Qd2 f6 25.Kh2 Ng7 26.Re1 Ne6 27.Nf3 Kg7 28.Ra1 Rxa1 29.Rxa1 Nf8
30.h4 Be6 31.Nd4 Bf7 32.b4 Qe5 33.f4 Qe7 34.Qc3 Ne6 35.Nf3 Kg8 36.Ra7 Rd7
37.Bh3 Rd8 38.Qa1 Nf8 39.Qc3  1/2-1/2

[Event "Hamburg HSV"]
[Site "Hamburg"]
[Date "1985.??.??"]
[Round "?"]
[White "Brunner, Lucas"]
[Black "Berg, Klaus"]
[Result "1/2-1/2"]
[WhiteElo "2290"]
[BlackElo "2350"]

1.Nf3 Nf6 2.c4 g6 3.g3 Bg7 4.Bg2 O-O 5.O-O c6 6.d4 d6 7.Nc3 a6 8.e4 b5 9.cxb5 axb5
10.Re1 Ne8 11.Bf4 Nc7 12.Qd2 Nd7 13.Bh6 Nb6 14.Bxg7 Kxg7 15.a3 Bb7 16.e5 Nc4
17.Qc2 Ne6 18.exd6 Nxd6 19.Rad1 Nf5 20.Qe4 Qb6 21.Bh3 c5 22.d5 Ned4 23.Nxd4 Nxd4
24.Bg2 e6 25.b4 Rxa3 26.bxc5 Qxc5 27.Qxd4+ Qxd4 28.Rxd4 Rxc3 29.dxe6 Bxg2
30.e7 Re8 31.Kxg2  1/2-1/2

[Event "Havana-B"]
[Site "Havana"]
[Date "1985.??.??"]
[Round "3"]
[White "Pigusov, Evgeny"]
[Black "Garcia Martinez, Silvino"]
[Result "1-0"]
[WhiteElo "2455"]
[BlackElo "2430"]

1.Nf3 Nf6 2.g3 g6 3.Bg2 Bg7 4.c4 O-O 5.d4 d6 6.O-O c6 7.Nc3 Bf5 8.Nh4 Be6
9.d5 cxd5 10.cxd5 Bd7 11.Be3 Na6 12.Bd4 Nc7 13.e4 b5 14.a3 a5 15.b4 e5 16.Be3 Ng4
17.Bd2 axb4 18.axb4 f5 19.Rxa8 Qxa8 20.Bh3 Qa7 21.exf5 gxf5 22.Ne4 fxe4 23.Bxg4 Nxd5
24.Bh6 Nf6 25.Bxd7 Bxh6 26.Be6+ Kh8 27.Nf5 e3 28.Nxh6 Ne4 29.Qh5 Nd2 30.Nf7+ Rxf7
31.Bxf7 Nxf1 32.Kxf1 Qa1+ 33.Ke2 exf2 34.Kxf2 Kg7 35.Be6 Qb2+ 36.Kg1 Qc1+
37.Kg2 Qc7  1-0

[Event "Havana-B"]
[Site "Havana"]
[Date "1985.??.??"]
[Round "10"]
[White "Vilela, Jose Luis"]
[Black "Garcia Martinez, Silvino"]
[Result "1/2-1/2"]
[WhiteElo "2415"]
[BlackElo "2430"]

1.c4 Nf6 2.Nf3 g6 3.g3 Bg7 4.Bg2 O-O 5.O-O d6 6.Nc3 e5 7.d3 Nc6 8.Rb1 a5
9.a3 Re8 10.b4 axb4 11.axb4 e4 12.Ng5 exd3 13.exd3 Bg4 14.Qd2 Nd4 15.h3 Bd7
16.Qf4 Nf5 17.Qd2 c6 18.Nf3 h5 19.Re1 d5 20.Rxe8+ Bxe8 21.Kh1 dxc4 22.dxc4 Qe7
23.Qc2 Nd6 24.c5 Nde4 25.Bb2 Nxc3 26.Bxc3 Bd7  1/2-1/2

[Event "Kecskemet op"]
[Site "Kecskemet "]
[Date "1985.??.??"]
[Round "1"]
[White "Paust, Wolf Dieter"]
[Black "Karsa, Laszlo"]
[Result "0-1"]
[WhiteElo "2210"]
[BlackElo "2380"]

1.Nf3 Nf6 2.c4 g6 3.g3 Bg7 4.Bg2 O-O 5.O-O d5 6.cxd5 Nxd5 7.Nc3 Nb6 8.d4 Nc6
9.e3 e5 10.d5 Ne7 11.e4 Bg4 12.Qb3 c6 13.a4 cxd5 14.a5 dxe4 15.Ng5 Nbc8 16.h3 Bd7
17.Rd1 Qc7 18.Be3 Bc6 19.g4 Rb8 20.Nb5 Bxb5 21.Qxb5 Nc6 22.Nxe4 Nd4 23.Bxd4 exd4
24.Rac1 Qf4 25.Qd5 b5 26.Rc5 b4 27.Rd3 Ne7 28.Qd7 Rfe8 29.Ng5 Rbd8 30.Qxa7 Nc8
31.Qc7 Re1+ 32.Bf1 Qxc7 33.Rxc7 Nd6 34.Kg2 Ra1 35.Ra7 Nc4 36.Rf3 Ne5 37.Rb3 d3  0-1

[Event "URS-ch sf"]
[Site "Kostroma"]
[Date "1985.??.??"]
[Round "5"]
[White "Khasin, Alexander"]
[Black "Titov, German"]
[Result "1/2-1/2"]
[WhiteElo "2420"]
[BlackElo "2200"]

1.Nf3 Nf6 2.g3 g6 3.c4 Bg7 4.Bg2 O-O 5.Nc3 d6 6.O-O Nbd7 7.d4 e5 8.e4 c6
9.b3 Re8 10.h3 exd4 11.Nxd4 Nc5 12.Re1 Bd7 13.Rb1 Qc8 14.Kh2 Re5 15.f3 Rh5
16.h4 Ne8 17.Be3 Ne6 18.Nxe6 Bxc3 19.Nf4 Bxe1 20.Nxh5 Bc3 21.Nf4 f5 22.Bd4 Bxd4
23.Qxd4 fxe4 24.fxe4 Bg4 25.e5 dxe5 26.Qxe5 Qf5 27.Re1 Qxe5 28.Rxe5 Kf7  1/2-1/2

[Event "URS-ch sf"]
[Site "Kostroma"]
[Date "1985.??.??"]
[Round "7"]
[White "Khasin, Alexander"]
[Black "Kochyev, Alexander"]
[Result "1/2-1/2"]
[WhiteElo "2420"]
[BlackElo "2465"]

1.Nf3 Nf6 2.g3 g6 3.Bg2 Bg7 4.c4 O-O 5.Nc3 d6 6.O-O e5 7.Rb1 a5 8.a3 Re8
9.d3 c6 10.Bg5 Nbd7 11.b4 axb4 12.axb4 h6 13.Bxf6 Nxf6 14.b5 Ra3 15.Rb3 Rxb3
16.Qxb3 d5 17.bxc6 bxc6 18.Qa4 Bd7 19.Qb3 Bc8 20.Qa4 Bd7 21.Qb3 Bc8 22.Qa4  1/2-1/2

[Event "Lloyds Bank op"]
[Site "London"]
[Date "1985.??.??"]
[Round "?"]
[White "Morovic Fernandez, Ivan"]
[Black "Ady, Jonathan James"]
[Result "1-0"]
[WhiteElo "2470"]
[BlackElo "2310"]

1.Nf3 Nf6 2.c4 g6 3.g3 Bg7 4.Bg2 O-O 5.O-O d6 6.d4 Nc6 7.Nc3 a6 8.b3 Rb8
9.Bb2 b5 10.cxb5 axb5 11.Rc1 Nb4 12.a3 Na6 13.b4 Nd7 14.d5 Nb6 15.Nd4 Bd7
16.Ba1 Qe8 17.Nc6 Bxc6 18.dxc6 Nc8 19.Qd3 Na7 20.Qe3 Nxc6 21.Nxb5 Ncxb4 22.Bxg7 Kxg7
23.Nxc7 Nxc7 24.Rxc7 Na6 25.Rxe7 Qa4 26.Bd5 Rbe8 27.Bb3 Qc6 28.Qd4+ Kg8 29.Ba4  1-0

[Event "Lugano op"]
[Site "Lugano"]
[Date "1985.??.??"]
[Round "6"]
[White "Mednis, Edmar John"]
[Black "Nemet, Ivan"]
[Result "0-1"]
[WhiteElo "2465"]
[BlackElo "2390"]

1.c4 Nf6 2.g3 g6 3.Bg2 Bg7 4.Nf3 O-O 5.O-O d6 6.Nc3 c6 7.d3 a6 8.Rb1 Qc7
9.b4 e5 10.Bb2 h6 11.Qb3 Be6 12.Rfc1 Qe7 13.Nd2 Nbd7 14.a4 h5 15.Ba3 Bh6
16.Rc2 h4 17.b5 axb5 18.axb5 hxg3 19.hxg3 Rab8 20.Ra2 Ng4 21.Qc2 f5 22.bxc6 bxc6
23.Bxc6 f4 24.Nd5 Qh7 25.Bxd7 Rxb1+ 26.Qxb1 Qxd7 27.Nf3 fxg3 28.fxg3 Ne3
29.Nb6 Qb7 30.Rb2 Rxf3 31.exf3 Qxf3 32.Na4 Qxg3+ 33.Kh1 Bg4 34.Rb8+ Kh7 35.Qb7+ Bg7
36.Rf8 Nf5  0-1

[Event "Moscow-B"]
[Site "Moscow"]
[Date "1985.??.??"]
[Round "?"]
[White "Spassov, Liuben"]
[Black "Watson, William N"]
[Result "1-0"]
[WhiteElo "2415"]
[BlackElo "2460"]

1.Nf3 Nf6 2.c4 g6 3.g3 Bg7 4.Bg2 O-O 5.O-O d6 6.d4 c5 7.d5 b5 8.Re1 Nbd7
9.e4 Ng4 10.Nbd2 Ba6 11.Bf1 Rb8 12.Rb1 Nge5 13.cxb5 Bxb5 14.Qc2 Qa5 15.b3 Rfc8
16.Kg2 Qa6 17.Nxe5 Nxe5 18.Nc4 Bxc4 19.bxc4 Rxb1 20.Qxb1 Qa4 21.Bg5 Bf6 22.Bxf6 exf6
23.Qb7 Re8 24.Qb5 Qxb5 25.cxb5 Nd7 26.Re3 Rb8 27.Ra3 Rb7 28.Ra6 Nb6 29.a4 Kf8
30.a5 Nc8 31.Rc6 Rb8 32.Rc7 Ke8 33.Bc4 Ra8 34.h4 Ne7 35.b6 axb6 36.Bb5+ Kf8
37.axb6 Ra5 38.Bc6  1-0

[Event "Munich op"]
[Site "Munich"]
[Date "1985.??.??"]
[Round "?"]
[White "Reich, Thomas"]
[Black "Kindermann, Stefan"]
[Result "0-1"]
[WhiteElo "2200"]
[BlackElo "2490"]

1.Nf3 Nf6 2.c4 g6 3.g3 Bg7 4.Bg2 O-O 5.O-O d6 6.d4 Nc6 7.Nc3 a6 8.d5 Na5
9.Nd2 c5 10.Qc2 Rb8 11.b3 b5 12.Bb2 bxc4 13.bxc4 Bh6 14.Ncb1 Bd7 15.Bc3 Qc7
16.h3 Rb7 17.e4 Rfb8 18.Na3 Rb4 19.Rab1 Ra4 20.Rxb8+ Qxb8 21.Rb1 Qc8 22.e5 Ne8
23.e6 fxe6 24.dxe6 Bc6 25.Bxc6 Qxc6 26.Rb8 Rxa3 27.Ba1 Bxd2 28.Qxd2 Nxc4
29.Qf4 Rf3 30.Qxf3 Qxf3  0-1

[Event "DEN-ch"]
[Site "Naestved"]
[Date "1985.??.??"]
[Round "?"]
[White "Hansen, Curt"]
[Black "Kristiansen, Jens"]
[Result "1/2-1/2"]
[WhiteElo "2505"]
[BlackElo "2455"]

1.g3 Nf6 2.Bg2 g6 3.c4 Bg7 4.Nf3 O-O 5.O-O d6 6.Nc3 c6 7.d4 Nbd7 8.e4 e5
9.b3 Re8 10.h3 exd4 11.Nxd4 Nc5 12.Re1 Qe7 13.Bg5 h6 14.Bf4 Nfd7 15.Qd2 Qf6
16.Rad1 Ne5 17.Qc2 Ne6 18.Nxe6 Bxe6 19.Rxd6 g5 20.Bxe5 Qxe5 21.Rd3 Rad8 22.Red1 Qc7
23.Ne2 Rxd3 24.Rxd3 f5 25.Nc3 f4 26.g4 Rd8 27.Rxd8+ Qxd8 28.Ne2 Qd6 29.Bf3 Kf7
30.Nc1 Qd4 31.Nd3 Ke7 32.Qe2 Bf7 33.Kg2 a5 34.Qd2 b6 35.Qc2 a4 36.e5 c5 37.Nb2 axb3
38.axb3 Bxe5 39.Na4 Bc7 40.Qh7 Qf6 41.Bd5 f3+ 42.Bxf3 Qg6 43.Qxg6 Bxg6 44.Nc3 Be5
45.Nd5+ Kd6 46.Nxb6 Bc2 47.Nd5 Bxb3 48.Ne3 Bf4 49.Nf5+ Ke5 50.Bd5 h5 51.Ng7 hxg4
52.hxg4 Kf6 53.Ne6 Bd6 54.f3 Ba4 55.Kf2 Be7 56.Ke3  1/2-1/2

[Event "JUG-ch"]
[Site "Novi Sad"]
[Date "1985.??.??"]
[Round "?"]
[White "Barlov, Dragan"]
[Black "Kozul, Zdenko"]
[Result "1/2-1/2"]
[WhiteElo "2430"]
[BlackElo "2380"]

1.c4 Nf6 2.g3 g6 3.Bg2 Bg7 4.Nf3 O-O 5.O-O d6 6.d4 Bf5 7.Nc3 Ne4 8.Bd2 c6
9.Nxe4 Bxe4 10.Bc3 Qb6 11.Qd2 d5 12.c5 Qc7 13.Bh3 Bxf3 14.exf3 e6 15.f4 Nd7
16.b4 b5 17.a4 a6 18.Ra3 Rab8 19.Rfa1 Rb7 20.axb5 axb5 21.Qa2 f5 22.Ra6 Nb8
23.Ra8 Bf6 24.Qe2 Kf7 25.Bf1 Nd7 26.R8a6 Nb8 27.R6a5 Nd7 28.Qd1 Rh8 29.Bd3 Re8
30.Qf1 Reb8 31.Qe2 Bg7 32.Re1 Nf8 33.Qa2 Nd7 34.Ra6 Rc8 35.Ra1 Nb8 36.Ra5 Rd8
37.Qe2 Nd7 38.Kg2 Rdb8 39.f3 Bf6 40.Re1 Nf8 41.Qa2  1/2-1/2

[Event "NZD-ch"]
[Site "?"]
[Date "1985.??.??"]
[Round "?"]
[White "Green, Peter"]
[Black "Cornford, Lindsay H"]
[Result "1-0"]
[WhiteElo "2200"]
[BlackElo "2220"]

1.c4 Nf6 2.Nf3 g6 3.g3 Bg7 4.Bg2 O-O 5.O-O d5 6.d4 c6 7.Nc3 dxc4 8.a4 Be6
9.e3 Qc8 10.Nd2 Rd8 11.Qe2 Bh3 12.Qxc4 Bxg2 13.Kxg2 Nbd7 14.Nde4 Nxe4 15.Nxe4 Nb6
16.Qc5 Nd5 17.Ng5 Qc7 18.Nf3 Nf6 19.b4 b6 20.Qc2 Rac8 21.Ba3 Qb7 22.Rab1 e5
23.dxe5 Ng4 24.Qe4 f5 25.exf6 Nxf6 26.Qc4+ Kh8 27.Rfd1 Rf8 28.Ng5 c5+ 29.Kg1 h6
30.Qh4 Nh5 31.Qe4 Qxe4 32.Nxe4 c4 33.b5 Rg8 34.Rbc1 c3 35.Rd3 c2 36.Nd6 Rc7
37.Rd2 Kh7 38.Rdxc2 Rd7 39.Rc7 Rgd8 40.Rxd7 Rxd7 41.Ne8 Be5 42.f4 Ng7 43.Nxg7 Bxg7
44.Bb4 Rd3 45.Kf2 Rb3 46.Rc4 Rb2+ 47.Kf3 Rxh2 48.Rc7 Kg8 49.Rxa7 Ra2 50.a5 bxa5
51.b6 axb4 52.Rxa2 b3 53.Rd2  1-0

[Event "Pancevo"]
[Site "Pancevo"]
[Date "1985.??.??"]
[Round "?"]
[White "Haik, Aldo"]
[Black "Morovic Fernandez, Ivan"]
[Result "1-0"]
[WhiteElo "2455"]
[BlackElo "2450"]

1.Nf3 Nf6 2.g3 g6 3.Bg2 Bg7 4.c4 O-O 5.Nc3 c6 6.O-O d5 7.cxd5 cxd5 8.d4 Ne4
9.Qb3 Nc6 10.Be3 Na5 11.Qb5 Nxc3 12.bxc3 Nc4 13.Bf4 e6 14.e4 Nd6 15.Bxd6 Qxd6
16.Nd2 Bd7 17.Qxb7 Rfb8 18.e5 Rxb7 19.exd6 Rc8 20.Rab1 Rb6 21.Nb3 Rxc3 22.Nc5 Rxd6
23.Rb8+ Bf8 24.Rfb1 a6 25.Bf1 Bb5 26.Bxb5 axb5 27.R1xb5 Kg7 28.Rc8 Rc4 29.Rb7 Rxd4
30.Re8 Rd2 31.Kf1 Rxa2 32.Nxe6+ Rxe6 33.Rxe6 Bc5 34.Re2 Rxe2 35.Kxe2 d4 36.Kd3 Kf6
37.Kc4 Bd6 38.Kxd4 Ke6 39.Rb6 h5 40.h3 f5  1-0

[Event "Rubinstein mem"]
[Site "Polanica Zdroj"]
[Date "1985.??.??"]
[Round "4"]
[White "Nowak, Ignacy"]
[Black "Donchev, Dimitar I"]
[Result "1/2-1/2"]
[WhiteElo "2395"]
[BlackElo "2450"]

1.c4 Nf6 2.Nf3 g6 3.g3 Bg7 4.Bg2 O-O 5.d4 d5 6.cxd5 Nxd5 7.O-O c5 8.Nc3 cxd4
9.Nxd4 Nxc3 10.bxc3 Qa5 11.Qb3 Nc6 12.Be3 Qa6 13.Rab1 Nxd4 14.Bxd4 Rb8 15.a4 Be6
16.Qb5 Qxb5 17.axb5 a5 18.bxa6 bxa6 19.Ra1 Bc4 20.Rfe1 Rb2 21.e4 Rd8 22.e5 f6
23.exf6 Bxf6 24.Bxf6 exf6 25.Bf1 Bxf1 26.Rxf1 Rd6 27.Rfd1 Rbb6 28.Rxd6 Rxd6
29.Rb1 Rc6 30.Rb7 f5 31.Ra7 h5 32.h4 Kf8 33.Kf1 Re6 34.f3 Ke8 35.Kf2 Kd8
36.g4 fxg4 37.fxg4 hxg4 38.Kg3 Kc8 39.Kxg4 Kb8 40.Rh7 Rc6 41.h5 gxh5+ 42.Rxh5 Re6
43.Kf4 Kc7 44.Re5 Rc6 45.Ke4 Rxc3 46.Kd4 Rc6 47.Rc5 Rxc5 48.Kxc5  1/2-1/2

[Event "Sarajevo"]
[Site "Sarajevo"]
[Date "1985.??.??"]
[Round "1"]
[White "Dizdarevic, Emir"]
[Black "Lalic, Bogdan"]
[Result "1/2-1/2"]
[WhiteElo "2425"]
[BlackElo "2440"]

1.Nf3 Nf6 2.c4 g6 3.g3 Bg7 4.Bg2 O-O 5.O-O d6 6.d4 c6 7.Nc3 Nbd7 8.Qc2 e5
9.Rd1 Re8 10.e4 Qb6 11.h3 exd4 12.Nxd4 Nc5 13.Be3 Nfd7 14.Nb3 Qb4 15.Nd2 Bxc3
16.bxc3 Qa4 17.Nb3 Ne5 18.Rxd6 b6 19.Qd1 Nb7  1/2-1/2

[Event "Sarajevo"]
[Site "Sarajevo"]
[Date "1985.??.??"]
[Round "11"]
[White "Dizdarevic, Emir"]
[Black "Kozul, Zdenko"]
[Result "1-0"]
[WhiteElo "2425"]
[BlackElo "2380"]

1.c4 Nf6 2.Nf3 g6 3.g3 Bg7 4.Bg2 O-O 5.O-O d6 6.d4 Bf5 7.Nc3 Ne4 8.Nd5 c6
9.Ne3 Be6 10.b3 d5 11.Bb2 Nd7 12.Ne5 Nxe5 13.dxe5 Qa5 14.Qc2 Rfd8 15.Bxe4 dxe4
16.Bc3 Qa3 17.Qxe4 a5 18.Nc2 Qc5 19.Bd4 Bf5 20.Qe3 Rxd4 21.Nxd4 Bh3 22.Rfd1 Bxe5
23.Rac1 Bf6 24.Nf3 Qxe3 25.fxe3 Bf5 26.Nd4 Be4 27.c5 Bd5 28.Rd2 Kg7 29.Nb5 Be5
30.Nc3 Be6 31.Kg2 h5 32.e4 h4 33.Rd3 Rh8 34.Nd1 a4 35.bxa4 Ra8 36.Nf2 hxg3
37.hxg3 Rxa4 38.Rd2 Bxa2 39.Rd7 Bc4 40.Nd3 Bf6 41.Rxb7 Bb5 42.Rc2 Bg5 43.Kf2 Rd4
44.Ne1 Ba4 45.Nf3 Bf6 46.e5 Bxe5 47.Ra2  1-0

[Event "Wch U20"]
[Site "Sharjah"]
[Date "1985.??.??"]
[Round "3"]
[White "Rojas Sepulveda, Eduardo"]
[Black "Fernandez, E."]
[Result "0-1"]
[WhiteElo "2350"]
[BlackElo "2240"]

1.Nf3 Nf6 2.c4 g6 3.g3 Bg7 4.Bg2 O-O 5.O-O d6 6.d3 c6 7.Nbd2 Qa5 8.a3 Qh5
9.Re1 Bh3 10.Bh1 Nbd7 11.Rb1 Ng4 12.b4 f5 13.b5 e5 14.Nb3 e4 15.Nfd4 f4 16.Nf3 fxg3
17.fxg3 exf3 18.exf3 Nxh2 19.Kxh2 Bg4+ 20.Kg1 Bxf3 21.Bxf3 Rxf3 22.Bf4 Rf8
23.Re2 g5 24.Rh2 Qg4 25.Bxd6 R8f7 26.bxc6 bxc6 27.Qe2 Be5 28.Bxe5 Nxe5 29.Rg2 Nxd3
30.Nd2 Qd4+ 31.Kh2 Rf2 32.Qh5 Rxg2+ 33.Kxg2 Qf2+ 34.Kh3 Qxd2  0-1

[Event "Sochi"]
[Site "Sochi"]
[Date "1985.??.??"]
[Round "?"]
[White "Pigusov, Evgeny"]
[Black "Barlov, Dragan"]
[Result "0-1"]
[WhiteElo "2455"]
[BlackElo "2430"]

1.Nf3 Nf6 2.c4 g6 3.g3 Bg7 4.Bg2 O-O 5.d4 d6 6.O-O c6 7.Nc3 Qa5 8.h3 Be6
9.d5 cxd5 10.Nd4 Bd7 11.Nb3 Qb4 12.cxd5 Ba4 13.Qd4 Qxd4 14.Nxd4 Bd7 15.Be3 Na6
16.Rac1 Rfc8 17.Nb3 Be8 18.Na5 Rc7 19.Rfd1 Kf8 20.a3 Ng8 21.g4 Bxc3 22.Rxc3 Rxc3
23.bxc3 b6 24.Nb3 Ba4 25.Rb1 Rc8 26.Bd2 Bxb3 27.Rxb3 Nf6 28.g5 Nd7 29.Bf1 Ndc5
30.Rb2 Ne4 31.e3 Nac5 32.c4 Nxd2 33.Rxd2 Ne4 34.Rd4 Nxg5 35.Kg2 f5 36.h4 Ne4
37.h5 Kg7 38.hxg6 hxg6 39.Bd3 Nc5 40.Bc2 Rh8 41.f4 Rc8 42.Kf3 Kf6 43.Kg2 Nb7
44.Ba4 a6 45.Bd1 Rc5 46.e4 Ra5 47.exf5 Rxa3 48.fxg6 Kxg6 49.Rd2 Nc5 50.Rb2 Kf5
51.Rxb6 Kxf4 52.Rb2 Ra1 53.Bh5 a5 54.Re2 a4 55.Rxe7 Ra2+ 56.Kh3 a3 57.Ra7 Ne4
58.Rf7+ Ke5 59.Ra7 Kd4 60.Ra6 Ra1 61.Kg2 Kd3 62.Ra5 Nc5 63.Ra7 Kxc4 64.Be2+ Kb4
65.Ra8 Na4  0-1

[Event "Szirak"]
[Site "Szirak"]
[Date "1985.??.??"]
[Round "6"]
[White "Tukmakov, Vladimir B"]
[Black "Sax, Gyula"]
[Result "1/2-1/2"]
[WhiteElo "2565"]
[BlackElo "2535"]

1.Nf3 Nf6 2.c4 g6 3.g3 Bg7 4.Bg2 O-O 5.O-O d6 6.d4 Nc6 7.Nc3 Rb8 8.Bd2 a6
9.Rc1 b5 10.cxb5 axb5 11.d5 Na7 12.b4 c5 13.dxc6 Nxc6 14.Nxb5 Nxb4 15.a4 Na6
16.Nfd4 Bb7 17.Nc6 Bxc6 18.Bxc6 Nd7 19.Bxd7 Qxd7 20.Be3 d5 21.Qd2 e5 22.Qa5 d4  1/2-1/2

[Event "Tirnavia-B"]
[Site "Trnava"]
[Date "1985.??.??"]
[Round "1"]
[White "Moehring, Guenther"]
[Black "Brkovic, Zoran"]
[Result "1/2-1/2"]
[WhiteElo "2385"]
[BlackElo "2375"]

1.Nf3 Nf6 2.c4 g6 3.g3 Bg7 4.Bg2 O-O 5.O-O d6 6.d4 c5 7.Nc3 Nc6 8.d5 Na5
9.Nd2 e5 10.a3 b6 11.b4 Nb7 12.Rb1 Ng4 13.h3 Nh6 14.Nde4 f6 15.bxc5 Nxc5
16.Nxc5 bxc5 17.Qa4 Nf7 18.Bd2 f5 19.Rfc1 e4 20.f4 exf3 21.exf3 Re8 22.f4 h5
23.h4 Bd7 24.Qc2 Nh6 25.Bf3 Qf6 26.Qd3 Ng4 27.Nb5 Bxb5 28.Rxb5 Re7 29.Bc3 Qf7
30.Bxg4 hxg4 31.Rcb1 Rae8 32.Rb8 Kh7 33.Kf2 Bf6 34.Rxe8 Rxe8 35.Re1 Rxe1
36.Kxe1 Qe7+ 37.Kd2 Bxc3+ 38.Qxc3 Qe4 39.Qd3 Qg2+ 40.Ke1 Qb2 41.Qe2 Qc3+
42.Kf2 Kh6 43.a4 Qa3 44.a5 Qxa5 45.Qb2 Qd8 46.Qb7 Qf6 47.Qa6 Qd4+ 48.Ke2 Qe4+
49.Kd2 Qg2+ 50.Kc1 Qxg3 51.Qxd6 Kh5 52.Qe5 Qg1+ 53.Kc2 g3 54.Qe2+ Kxh4 55.d6 Qf2
56.Qxf2 gxf2 57.d7 f1=Q 58.d8=Q+ Kh3 59.Qd5 Qf2+ 60.Kb3 Kg4 61.Qd6 Qe3+ 62.Ka4 g5
63.fxg5 Kxg5 64.Kb5 f4 65.Qd8+ Kg4 66.Qg8+ Kf3 67.Qh7 Ke2 68.Qh2+ Kd3 69.Qh7+ Kc3
70.Qxa7 Qe8+ 71.Ka5 Kxc4 72.Qa6+ Kd4 73.Qd6+ Ke4 74.Qc6+  1/2-1/2

[Event "Tirnavia-B"]
[Site "Trnava"]
[Date "1985.??.??"]
[Round "12"]
[White "Bany, Jerzy"]
[Black "Brkovic, Zoran"]
[Result "1-0"]
[WhiteElo "2435"]
[BlackElo "2375"]

1.Nf3 Nf6 2.c4 g6 3.g3 Bg7 4.Bg2 O-O 5.O-O d6 6.d4 c5 7.Nc3 Nc6 8.dxc5 dxc5
9.Bf4 Nh5 10.Bg5 h6 11.Be3 Nd4 12.Qd2 Kh7 13.Rad1 e5 14.Bxd4 exd4 15.e3 Be6
16.Nd5 Nf6 17.exd4 Nxd5 18.cxd5 Qxd5 19.b3 Rad8 20.Qc1 Rc8 21.Qa3 Qh5 22.Qxa7 Bd5
23.Rd3 c4 24.Re3 Ra8 25.Qc5 Rfd8 26.bxc4 Rac8 27.Qb6 Bxc4 28.Rfe1 Bxa2 29.Ne5 Be6
30.Bxb7 Rb8 31.Qc7 Rf8 32.d5 Bh3 33.d6 Rbd8 34.Bg2 Rc8 35.Qe7 Rfe8 36.Qh4 Rxe5
37.Bxh3 Rxe3 38.fxe3 Qa5 39.Rf1 Rd8 40.d7 f5 41.Qe7 h5 42.Rd1 Kh6 43.Bg2 Qa4
44.Rd6 Qa1+ 45.Bf1 Qa7 46.Qe6 Bf6  1-0

[Event "SWE-ch"]
[Site "Uppsala"]
[Date "1985.??.??"]
[Round "?"]
[White "Karlsson, Lars"]
[Black "Hellers, Ferdinand"]
[Result "1-0"]
[WhiteElo "2550"]
[BlackElo "2200"]

1.Nf3 Nf6 2.g3 g6 3.Bg2 Bg7 4.c4 O-O 5.O-O d6 6.Nc3 Nc6 7.d3 e5 8.Ne1 Re8
9.Nc2 a5 10.e4 Nd7 11.f4 exf4 12.Bxf4 Nde5 13.Qd2 Be6 14.Bg5 Qd7 15.b3 Nb4
16.d4 Ned3 17.Bf6 Nxc2 18.Bxg7 Kxg7 19.Qxc2 Nb4 20.Qf2 Qe7 21.a3 Na6 22.Rae1 Rad8
23.e5 dxe5 24.Rxe5 Qd7 25.Nd5 f5 26.Nf4 Bf7 27.Bxb7 Nb8 28.Bd5 Nc6 29.Rxe8 Rxe8
30.Bxf7 Qxf7 31.d5 Ne5 32.Ne6+ Kg8 33.Qf4 Qf6 34.h3 Rb8 35.Re1 Nd3 36.Qxc7 Rf8
37.Re2 Nc1 38.Rc2 Nd3 39.Re2 Nc1 40.Re3 Qa1  1-0

[Event "Aarhus-C"]
[Site "Aarhus"]
[Date "1986.??.??"]
[Round "3"]
[White "Sorensen, Torben"]
[Black "Jacobsen, Bo"]
[Result "0-1"]
[WhiteElo "2275"]
[BlackElo "2285"]

1.Nf3 Nf6 2.c4 g6 3.g3 Bg7 4.Bg2 O-O 5.Nc3 d6 6.O-O c6 7.d4 a6 8.d5 Bd7 9.Be3 Qa5
10.Rb1 cxd5 11.cxd5 Rc8 12.Qd2 Be8 13.Bd4 Nbd7 14.e4 Qb4 15.Rfd1 Nb6 16.Ne1 Na4
17.Nxa4 Qxd2 18.Rxd2 Bxa4 19.b3 Bd7 20.Rdd1 Ne8 21.Bxg7 Kxg7 22.Rbc1 a5 23.a4 f5
24.exf5 Bxf5 25.Kf1 Nf6 26.Rc4 Rxc4 27.bxc4 Rc8 28.Rc1 Nd7 29.Bf3 Nc5 30.Bd1 Bd7
31.Rb1 Rc7 32.Nf3 Bxa4 33.Bxa4 Nxa4 34.Ng5 Nc5 35.Rb5 h6 36.Ne6+ Nxe6 37.dxe6 Kf6
38.Rxa5 Rxc4 39.h4 Kxe6 40.h5 Rc5 41.Ra7 Rxh5 42.Rxb7 Ra5  0-1

[Event "Aarhus-B"]
[Site "Aarhus"]
[Date "1986.??.??"]
[Round "7"]
[White "Sorensen, Henrik"]
[Black "Jacobsen, Bo"]
[Result "1-0"]
[WhiteElo "2250"]
[BlackElo "2285"]

1.Nf3 Nf6 2.c4 g6 3.g3 Bg7 4.Bg2 O-O 5.Nc3 d6 6.O-O Nc6 7.d3 Nh5 8.d4 f5
9.h3 Kh8 10.b3 Bd7 11.Bb2 Qc8 12.Kh2 f4 13.g4 Nf6 14.d5 Ne5 15.Nxe5 dxe5
16.Qd3 h5 17.g5 Bf5 18.e4 fxe3 19.Qxe3 Nd7 20.Ne2 c6 21.dxc6 bxc6 22.Ng3 Qc7
23.Rad1 Rf7 24.Rfe1 Re8 25.Rd2 e4 26.Bxg7+ Kxg7 27.Kg1 Ne5 28.Nxe4 Bxe4 29.Qxe4 Rf5
30.f4 Nf7 31.Rf2 e5 32.Qxc6 Qa5 33.Ref1 exf4 34.Rxf4 Rxf4 35.Rxf4 Qe1+ 36.Kh2 Nxg5
37.Qd7+ Re7 38.Qd4+ Kh7 39.h4  1-0

[Event "Albena"]
[Site "Albena"]
[Date "1986.??.??"]
[Round "?"]
[White "Davies, Nigel R"]
[Black "Sygulski, Artur"]
[Result "0-1"]
[WhiteElo "2410"]
[BlackElo "2425"]

1.Nf3 Nf6 2.g3 g6 3.Bg2 Bg7 4.c4 O-O 5.d4 d5 6.cxd5 Nxd5 7.O-O Nb6 8.Nc3 Nc6
9.e3 Bg4 10.h3 Bd7 11.e4 e5 12.d5 Nd4 13.Nxd4 exd4 14.Ne2 c6 15.Nxd4 cxd5
16.exd5 Nxd5 17.Bxd5 Bxh3 18.Nb3 Bxf1 19.Kxf1 Rc8 20.Be3 b6 21.Qd2 Qf6 22.Bd4 Qf5
23.Bxg7 Kxg7 24.Qd4+ Qf6 25.Qxf6+ Kxf6 26.Rc1 Rxc1+ 27.Nxc1 Rd8 28.Bb3 Rd2
29.Ne2 Rxb2 30.Nc3 h5 31.Ke1 g5 32.Ne4+ Kg6 33.Nd6 f5 34.Nc8 h4 35.gxh4 gxh4
36.Kf1 h3 37.Kg1 Kg5 38.Nxa7 Kh4 39.Nc6 Rb1+ 40.Kh2 Rf1 41.Nd4 Rxf2+ 42.Kh1 Rf4
43.Ne6 Rf1+ 44.Kh2 Rf2+ 45.Kg1 Kg3  0-1